000
00189nam a22000857a 4500
999
_c
16213
_d
16213
003
OSt
008
200624b ||||| |||| 00| 0 eng d
245
_a
HP & civiliz : a brief survey
942
_c
BK